[Event "Knighthood Blitz"]
[Site "Vishy Anand Arena"]
[Date "2020.08.01"]
[Round "1"]
[White "Sohammdh"]
[Black "Hitter1999"]
[Result "0-1"]
[WhiteElo "1434"]
[BlackElo "2424"]
[Annotator "NA"]
[PlyCount "90"]
[EventDate "2020.08.01"]
[EventType "swiss (blitz)"]

1. e4 c5 2. Nf3 d6 3. d4 cxd4 4. Nxd4 e5 5. Nf3 Nf6 6. Nc3 Be7 7. Bg5 Be6 8. Bb5+ Nc6 9. O-O O-O 10. Bxf6 Bxf6 11. Nd5 Bg4 12. Bxc6 bxc6 13. Nxf6+ Qxf6 14. h3 Bxf3 15. Qxf3 Qxf3 16. gxf3 Rfb8 17. b3 Kf8 18. Rad1 Ke7 19. Rd3 a5 20. Rfd1 Rd8 21. Kf1 Ke6 22. Ke2 g6 23. c4 f5 24. Ke3 Rab8 25. f4 fxe4 26. Kxe4 d5+ 27. cxd5+ cxd5+ 28. Rxd5 Rxd5 29. Rxd5 Rb4+ 30. Kd3 Kxd5 31. fxe5 Kxe5 32. Kc3 Rh4 33. a3 Rxh3+ 34. Kc4 Rf3 35. b4 a4 36. b5 Rxa3 37. b6 Rb3 38. b7 Rxb7 39. Kc3 a3 40. Kd3 a2 41. Ke2 a1=Q 42. Kf3 Qc3+ 43. Kg2 Rb2 44. Kf1 Qf3 45. Ke1 Qe2# 0-1

[Event "Knighthood Blitz"]
[Site "Vishy Anand Arena"]
[Date "2020.08.01"]
[Round "1"]
[White "divyang2003"]
[Black "Diptayan"]
[Result "0-1"]
[WhiteElo "1428"]
[BlackElo "2437"]
[Annotator "NA RC"]
[PlyCount "32"]
[EventDate "2020.08.01"]
[EventType "swiss (blitz)"]

1. e4 c6 2. Nf3 d5 3. exd5 cxd5 4. d4 Nc6 5. Nc3 Bg4 6. Be2 e6 7. Bf4 Bd6 8. Bg3 Nge7 9. Qd2 O-O 10. O-O Nf5 11. Bxd6 Qxd6 12. Ne5 Bxe2 13. Qxe2 Nfxd4 14. Qd3 Qxe5 15. Rfe1 Qf5 16. Qg3 Nxc2 0-1

[Event "Knighthood Blitz"]
[Site "Vishy Anand Arena"]
[Date "2020.08.01"]
[Round "1"]
[White "Cheetah2020"]
[Black "Tapa1964"]
[Result "0-1"]
[WhiteElo "1416"]
[BlackElo "1967"]
[Annotator "NA"]
[PlyCount "68"]
[EventDate "2020.08.01"]
[EventType "swiss (blitz)"]

1. d4 Nf6 2. Nc3 e6 3. Bg5 d5 4. Bxf6 Qxf6 5. e3 c5 6. Bb5+ Nc6 7. Bxc6+ bxc6 8. dxc5 Bxc5 9. Nf3 Ba6 10. a3 O-O 11. b4 Bb6 12. Nd4 c5 13. Qf3 cxd4 14. Qxf6 gxf6 15. exd4 Bxd4 16. Ne2 Bxa1 17. O-O Bxe2 18. Re1 Bc4 19. g3 e5 20. Rxa1 d4 21. Re1 Rfe8 22. f3 Bd5 23. Kf2 Rac8 24. Re2 Rc3 25. f4 Rf3+ 26. Ke1 Re3 27. Rxe3 dxe3 28. Ke2 exf4 29. gxf4 Bc4+ 30. Kf3 e2 31. Kf2 e1=Q+ 32. Kf3 Re3+ 33. Kg4 Qg1+ 34. Kf5 Qg6# 0-1

[Event "Knighthood Blitz"]
[Site "Vishy Anand Arena"]
[Date "2020.08.01"]
[Round "1"]
[White "Angappan"]
[Black "Vishvajeet Singh"]
[Result "0-1"]
[WhiteElo "1407"]
[BlackElo "1740"]
[Annotator "NA"]
[PlyCount "94"]
[EventDate "2020.08.01"]
[EventType "swiss (blitz)"]

1. e4 c5 2. Nf3 e6 3. d4 cxd4 4. Nxd4 Nc6 5. Nc3 Qc7 6. a3 Nf6 7. Be2 a6 8. O-O Bc5 9. Be3 b6 10. f4 d6 11. Kh1 Bb7 12. Qe1 Nxd4 13. Bxd4 Bxd4 14. Rd1 Bxc3 15. bxc3 Nxe4 16. Bf3 Nc5 17. Bxb7 Nxb7 18. Rd4 Rc8 19. Qe4 Nc5 20. Qe3 O-O 21. Rfd1 d5 22. Qg3 Ne4 23. Rxe4 dxe4 24. Qe3 Qxc3 25. Qxe4 Qxc2 26. Qxc2 Rxc2 27. h3 Rf2 28. g3 Rf3 29. Kg2 Rxa3 30. Rd6 b5 31. Rb6 Ra8 32. Rb7 Rc3 33. Kf2 f6 34. h4 e5 35. fxe5 fxe5 36. Re7 Rc5 37. Ke3 a5 38. Ke4 a4 39. Rxe5 Rxe5+ 40. Kxe5 a3 41. Kd5 a2 42. Kc5 a1=Q 43. g4 Qc3+ 44. Kxb5 Ra5+ 45. Kb6 Qc5+ 46. Kb7 Ra7+ 47. Kb8 Qc7# 0-1

[Event "Knighthood Blitz"]
[Site "Vishy Anand Arena"]
[Date "2020.08.01"]
[Round "1"]
[White "Adireddyarjun"]
[Black "Whitefalcon"]
[Result "0-1"]
[WhiteElo "1402"]
[BlackElo "2042"]
[PlyCount "122"]
[EventDate "2020.08.01"]
[EventType "swiss (blitz)"]

1. e4 e5 2. Nf3 Nc6 3. Bb5 a6 4. Ba4 Nf6 5. O-O Be7 6. Re1 b5 7. Bb3 O-O 8. c3 d5 9. exd5 Nxd5 10. Nxe5 Nxe5 11. Rxe5 c6 12. d3 Bd6 13. Re1 Qh4 14. g3 Qh3 15. Bxd5 cxd5 16. Qf3 Bf5 17. Qxd5 Rae8 18. Be3 Bb8 19. Nd2 Rd8 20. Qg2 Rxd3 21. Qxh3 Bxh3 22. Rad1 Rfd8 23. f3 Rxe3 24. Rxe3 Ba7 25. Kf2 Rd3 26. Rde1 Bxe3+ 27. Rxe3 Rxd2+ 28. Re2 Rxe2+ 29. Kxe2 Be6 30. a3 Kf8 31. Kd3 Ke7 32. Kd4 Kd6 33. h4 h5 34. f4 f6 35. b4 Bf5 36. c4 g6 37. c5+ Kc6 38. Kc3 Kd5 39. Kb3 Bg4 40. Kc2 Kc4 41. Kb2 Kd3 42. a4 Ke3 43. axb5 axb5 44. Kc3 Kf3 45. Kd4 Kxg3 46. c6 Kxf4 47. Kc5 Ke5 48. Kxb5 Kd6 49. Kb6 f5 50. b5 f4 51. Kb7 Bf3 52. Kc8 Bxc6 53. bxc6 Kxc6 54. Kd8 f3 55. Ke7 f2 56. Kf6 f1=Q+ 57. Kxg6 Qg2+ 58. Kxh5 Kd6 59. Kh6 Ke6 60. Kh7 Kf6 61. Kh8 Qg7# 0-1

[Event "Knighthood Blitz"]
[Site "Vishy Anand Arena"]
[Date "2020.08.01"]
[Round "1"]
[White "Adireddytarun"]
[Black "Krithigga2001"]
[Result "0-1"]
[WhiteElo "1367"]
[BlackElo "1818"]
[Annotator "NA"]
[PlyCount "134"]
[EventDate "2020.08.01"]
[EventType "swiss (blitz)"]

1. d4 d5 2. c4 e6 3. Nc3 Nf6 4. cxd5 exd5 5. Nf3 Be7 6. Bf4 c6 7. e3 Nbd7 8. Bd3 O-O 9. Qc2 Re8 10. O-O Nf8 11. h3 b6 12. a4 Bb7 13. a5 h6 14. Bh2 c5 15. Nb5 Ne6 16. Bf5 Ba6 17. Qa4 Qd7 18. Nc7 Qxa4 19. Rxa4 Nxc7 20. Bxc7 Bxf1 21. Kxf1 bxa5 22. Rxa5 cxd4 23. Nxd4 Bd8 24. Bxd8 Rexd8 25. Nb5 a6 26. Nc3 Rd6 27. Bd3 Kf8 28. Na4 Rb8 29. Ke2 Rb4 30. Kd2 Ne4+ 31. Kc2 Nxf2 32. Bxa6 Rc6+ 33. Kb1 Ne4 34. Bd3 Nd2+ 35. Ka2 Rc8 36. Nc3 Rcb8 37. Nd1 Nc4 38. Bxc4 dxc4 39. Rc5 Ra4+ 40. Kb1 Rab4 41. Kc2 Rd8 42. Rc6 f6 43. Nc3 Rbb8 44. Rc5 Re8 45. Rxc4 Rxe3 46. Rd4 Rg3 47. Rd2 Re8 48. Rf2 Ree3 49. Rd2 Re5 50. Nd5 Reg5 51. Nc3 Rxg2 52. Rxg2 Rxg2+ 53. Kb3 Rg3 54. Ka3 Rxh3 55. Kb4 Rh5 56. b3 Re5 57. Kc4 h5 58. b4 h4 59. Nd5 h3 60. b5 h2 61. b6 h1=Q 62. b7 Qc1+ 63. Kb4 Qb1+ 64. Ka4 Qxb7 65. Ka3 Rxd5 66. Ka4 Rd8 67. Ka3 Ra8# 0-1

[Event "Knighthood Blitz"]
[Site "Vishy Anand Arena"]
[Date "2020.08.01"]
[Round "1"]
[White "Karsanjib"]
[Black "Uzbektiger95"]
[Result "0-1"]
[WhiteElo "1333"]
[BlackElo "2339"]
[Annotator "NA RC"]
[PlyCount "64"]
[EventDate "2020.08.01"]
[EventType "swiss (blitz)"]

1. d4 Nf6 2. c4 c5 3. d5 e5 4. Nc3 d6 5. e4 Nbd7 6. Nf3 a6 7. Bd3 Be7 8. O-O O-O 9. h3 Ne8 10. Be3 g6 11. Qd2 Ng7 12. Bh6 Kh8 13. Bxg7+ Kxg7 14. Nh2 Bg5 15. f4 Bxf4 16. Rxf4 exf4 17. Qxf4 Ne5 18. Ng4 Bxg4 19. hxg4 Nxd3 20. Qe3 Ne5 21. Kf2 Nxg4+ 22. Ke2 Nxe3 23. Kxe3 Qg5+ 24. Kd3 Rae8 25. Rf1 f5 26. exf5 Rxf5 27. Rxf5 Qxf5+ 28. Ne4 Qxe4+ 29. Kc3 Qe3+ 30. Kc2 Qd4 31. b3 Re2+ 32. Kb1 Qb2# 0-1

[Event "Knighthood Blitz"]
[Site "Vishy Anand Arena"]
[Date "2020.08.01"]
[Round "1"]
[White "Renier Gonsalves"]
[Black "DarkKnight8750"]
[Result "0-1"]
[WhiteElo "1298"]
[BlackElo "1959"]
[Annotator "NA"]
[PlyCount "94"]
[EventDate "2020.08.01"]
[EventType "swiss (blitz)"]

1. e4 c5 2. Nf3 d6 3. d4 cxd4 4. Nxd4 Nf6 5. Nc3 g6 6. Nf3 Bg7 7. Bd3 O-O 8. Be3 Nc6 9. Qd2 Bg4 10. Be2 Bxf3 11. Bxf3 Nd7 12. Bh6 Nde5 13. Bxg7 Nxf3+ 14. gxf3 Kxg7 15. h4 h5 16. Rg1 e6 17. Qg5 Qxg5 18. hxg5 Nd4 19. Kd1 Nxf3 20. Rg3 Nd4 21. Rd3 e5 22. Nd5 h4 23. c3 Ne6 24. Kd2 Rad8 25. Rh1 Rh8 26. Rdh3 Nxg5 27. Re3 h3 28. Ke2 h2 29. Rf3 Nxf3 30. Kxf3 Rh5 31. Kg2 Rdh8 32. Ne3 Rg5+ 33. Kf1 f5 34. exf5 gxf5 35. Ng2 f4 36. f3 d5 37. Kf2 Kf6 38. Ne1 e4 39. fxe4 dxe4 40. Ng2 e3+ 41. Kf3 Rg3+ 42. Kxf4 Rxg2 43. Kxe3 Rg1 44. Rxg1 hxg1=Q+ 45. Ke2 Rh3 46. c4 Qg2+ 47. Ke1 Rh1# 0-1

[Event "Knighthood Blitz"]
[Site "Vishy Anand Arena"]
[Date "2020.08.01"]
[Round "1"]
[White "Raunak_Bhatnagar"]
[Black "Johncking"]
[Result "0-1"]
[WhiteElo "1296"]
[BlackElo "2295"]
[Annotator "TA"]
[PlyCount "80"]
[EventDate "2020.08.01"]
[EventType "swiss (blitz)"]

1. e4 c5 2. Nf3 d6 3. d4 cxd4 4. Nxd4 Nf6 5. Nc3 a6 6. Bg5 e6 7. Nf3 Be7 8. e5 dxe5 9. Nxe5 Qc7 10. Nf3 O-O 11. Bd3 h6 12. Bxf6 Bxf6 13. O-O Bxc3 14. bxc3 Qxc3 15. Rb1 Nd7 16. Rb3 Qa5 17. Qe2 Nc5 18. Rbb1 Bd7 19. h3 Bc6 20. Ne5 Nxd3 21. Nxd3 Qxa2 22. Ne5 Qd5 23. f3 Rfd8 24. Rbd1 Qc5+ 25. Kh1 a5 26. Rxd8+ Rxd8 27. Rd1 Rxd1+ 28. Qxd1 Qxe5 29. Qd8+ Kh7 30. Qe8 Qf5 31. Qb8 a4 32. Qa8 Qxc2 33. Kh2 Qc5 34. Qf8 Qxf8 35. g4 Qd6+ 36. Kg2 Qf4 37. Kf2 Bxf3 38. Ke1 Qe3+ 39. Kf1 Qe2+ 40. Kg1 Qg2# 0-1

[Event "Knighthood Blitz"]
[Site "Vishy Anand Arena"]
[Date "2020.08.01"]
[Round "1"]
[White "prasanthkp1"]
[Black "Surisai"]
[Result "0-1"]
[WhiteElo "1191"]
[BlackElo "1621"]
[Annotator "NA"]
[PlyCount "76"]
[EventDate "2020.08.01"]
[EventType "swiss (blitz)"]

1. e3 e5 2. d4 exd4 3. Qxd4 Nf6 4. Nc3 d5 5. Qe5+ Be7 6. Bb5+ c6 7. Bd3 Nbd7 8. Qg3 O-O 9. Nf3 Nc5 10. Bxh7+ Nxh7 11. Ne5 Bd6 12. f4 Ne4 13. Nxe4 dxe4 14. Ng4 Bxg4 15. Qxg4 Qf6 16. g3 Rfd8 17. Bd2 a5 18. O-O-O Qg6 19. Qe2 a4 20. a3 b5 21. Bc3 Be7 22. h4 Bf6 23. Bxf6 Qxf6 24. h5 Rxd1+ 25. Qxd1 Rd8 26. Qe2 Qd6 27. Qg4 Qe6 28. h6 Qg6 29. Qf3 exf3 30. hxg7 Qxg7 31. Rf1 Qxg3 32. c3 f2 33. Kc2 Qxe3 34. Kb1 Qe1+ 35. Rxe1 fxe1=Q+ 36. Ka2 Qe6+ 37. Kb1 Qb3 38. Kc1 Rd1# 0-1

[Event "Knighthood Blitz"]
[Site "Vishy Anand Arena"]
[Date "2020.08.01"]
[Round "1"]
[White "RIJUD"]
[Black "Debashisdas"]
[Result "0-1"]
[WhiteElo "1138"]
[BlackElo "2433"]
[Annotator "TA"]
[PlyCount "56"]
[EventDate "2020.08.01"]
[EventType "swiss (blitz)"]

1. Nf3 Nf6 2. e3 e6 3. c4 d5 4. b3 Bd6 5. Nc3 O-O 6. Bb2 c5 7. g3 Nc6 8. Bg2 d4 9. exd4 cxd4 10. Ne2 e5 11. O-O Bg4 12. d3 Qd7 13. Rb1 Bh3 14. b4 Bxg2 15. Kxg2 Bxb4 16. a3 Bc5 17. Ba1 Rfe8 18. Nc1 Rad8 19. Nb3 Bxa3 20. Bb2 Bb4 21. Re1 Bxe1 22. Qxe1 e4 23. dxe4 Nxe4 24. Nfxd4 Nxd4 25. Bxd4 Nxg3 26. Qd2 Nf5 27. Nc5 Qc6+ 28. Kf1 Qh1# 0-1

[Event "Knighthood Blitz"]
[Site "Vishy Anand Arena"]
[Date "2020.08.01"]
[Round "1"]
[White "Pranav104"]
[Black "Anandgary"]
[Result "0-1"]
[WhiteElo "1084"]
[BlackElo "1762"]
[Annotator "NA RC"]
[PlyCount "32"]
[EventDate "2020.08.01"]
[EventType "swiss (blitz)"]

1. e4 e5 2. Bc4 Nc6 3. Qh5 g6 4. Qf3 Nf6 5. Nh3 Nd4 6. Qc3 Bg7 7. Bb3 O-O 8. O-O Ne2+ 9. Kh1 Nxc3 10. bxc3 Nxe4 11. c4 d6 12. c5 Bxh3 13. Re1 Bxg2+ 14. Kxg2 Qh4 15. Kh1 Qxf2 16. Rxe4 Qf1# 0-1

[Event "Knighthood Blitz"]
[Site "Vishy Anand Arena"]
[Date "2020.08.01"]
[Round "2"]
[White "FedoseevVladimir"]
[Black "Sidba"]
[Result "1-0"]
[WhiteElo "2674"]
[BlackElo "1620"]
[Annotator "TA"]
[PlyCount "85"]
[EventDate "2020.08.01"]
[EventType "swiss (blitz)"]

1. e4 c5 2. Nf3 d6 3. d4 cxd4 4. Nxd4 Nf6 5. Nc3 g6 6. g3 Bg7 7. Bg2 O-O 8. O-O Nc6 9. Nde2 Be6 10. Nf4 Bd7 11. Ncd5 Rc8 12. c3 Ne5 13. Nxf6+ Bxf6 14. Nd5 Bg7 15. Bg5 Re8 16. Qb3 Bc6 17. Rad1 Bxd5 18. Rxd5 Qc7 19. Rfd1 h6 20. Be3 b6 21. h3 Nc4 22. Bc1 Qd7 23. Qc2 Red8 24. b3 Ne5 25. c4 Qc6 26. Qe2 e6 27. R5d2 Rd7 28. Ba3 Rcd8 29. f4 Nxc4 30. Qxc4 Qxc4 31. bxc4 Bf8 32. e5 Rc8 33. Rd4 d5 34. Bxf8 Kxf8 35. cxd5 exd5 36. Rxd5 Rdc7 37. Rd8+ Rxd8 38. Rxd8+ Ke7 39. Rd2 Rc1+ 40. Kf2 Rc4 41. Bd5 Rc7 42. Bb3 a5 43. Rd5 1-0

[Event "Knighthood Blitz"]
[Site "Vishy Anand Arena"]
[Date "2020.08.01"]
[Round "2"]
[White "Kutiktau"]
[Black "Suyash45"]
[Result "1-0"]
[WhiteElo "2669"]
[BlackElo "1984"]
[Annotator "NA"]
[PlyCount "145"]
[EventDate "2020.08.01"]
[EventType "swiss (blitz)"]

1. Nf3 Nf6 2. g3 g6 3. b3 Bg7 4. Bb2 O-O 5. Bg2 c5 6. c4 Nc6 7. O-O d5 8. cxd5 Nxd5 9. Bxg7 Kxg7 10. d4 cxd4 11. Nxd4 e5 12. Nxc6 bxc6 13. Qc1 Qb6 14. Na3 Ba6 15. Qb2 Qd4 16. Qxd4 exd4 17. Bxd5 cxd5 18. Rfd1 Bxe2 19. Rxd4 Bf3 20. Rd2 Rfe8 21. Nb5 Re7 22. Nd4 Bh5 23. f3 f5 24. Kf2 Rae8 25. h3 Rf7 26. Rc1 g5 27. Rdc2 g4 28. hxg4 fxg4 29. f4 Re4 30. Rd2 Bg6 31. Rc5 Rd7 32. b4 Re8 33. b5 Be4 34. a4 h5 35. a5 Rf7 36. Rd1 h4 37. gxh4 Rxf4+ 38. Kg3 Rf6 39. Rc7+ Kh6 40. Rxa7 Rc8 41. Ra6 Rxa6 42. bxa6 Ra8 43. Kxg4 Rxa6 44. Ra1 Kg6 45. Kf4 Rf6+ 46. Ke5 Ra6 47. Ne6 Kh5 48. Nc5 Ra8 49. Nxe4 dxe4 50. Kxe4 Kxh4 51. a6 Kg5 52. Ke5 Re8+ 53. Kd6 Kf6 54. a7 Ra8 55. Kc7 Ke7 56. Kb7 Rh8 57. a8=Q Rxa8 58. Rxa8 Kd6 59. Rc8 Ke5 60. Rd8 Ke4 61. Kc7 Ke3 62. Re8+ Kf3 63. Rd8 Kf2 64. Re8 Kf3 65. Kd6 Kf4 66. Kd5 Kg3 67. Rf8 Kg2 68. Ke4 Kg3 69. Rf7 Kg4 70. Rg7+ Kh5 71. Kf5 Kh4 72. Rg8 Kh5 73. Rh8# 1-0

[Event "Knighthood Blitz"]
[Site "Vishy Anand Arena"]
[Date "2020.08.01"]
[Round "2"]
[White "Narayanansl"]
[Black "Unforgettable"]
[Result "1-0"]
[WhiteElo "2646"]
[BlackElo "2117"]
[Annotator "TA"]
[PlyCount "67"]
[EventDate "2020.08.01"]
[EventType "swiss (blitz)"]

1. Nf3 Nf6 2. c4 e6 3. Nc3 d5 4. e3 Be7 5. b3 b6 6. Bb2 Bb7 7. cxd5 exd5 8. d4 O-O 9. Bd3 c5 10. O-O Nc6 11. dxc5 bxc5 12. Rc1 Rc8 13. Na4 Nb4 14. Bf5 Rc7 15. a3 Na6 16. Qe2 g6 17. Bd3 Nb8 18. Rfd1 Nbd7 19. Nc3 Qa8 20. Bb1 Rd8 21. h4 Nh5 22. Ng5 d4 23. exd4 Bxg5 24. hxg5 Bxg2 25. d5 Bh3 26. Qf3 Ne5 27. Qxh3 Re8 28. Ne4 Rce7 29. d6 Nf3+ 30. Qxf3 Rxe4 31. Bxe4 Rxe4 32. d7 Re1+ 33. Rxe1 Qxf3 34. Re8# 1-0

[Event "Knighthood Blitz"]
[Site "Vishy Anand Arena"]
[Date "2020.08.01"]
[Round "2"]
[White "Lukiano"]
[Black "Girinathpds76"]
[Result "0-1"]
[WhiteElo "2622"]
[BlackElo "2077"]
[Annotator "NA"]
[PlyCount "56"]
[EventDate "2020.08.01"]
[EventType "swiss (blitz)"]

1. e4 e6 2. b3 d5 3. Bb2 Nf6 4. e5 Nfd7 5. f4 c5 6. Nf3 Nc6 7. Bb5 h6 8. O-O Qb6 9. c4 dxc4 10. Bxc4 Na5 11. Na3 a6 12. f5 Qc6 13. fxe6 fxe6 14. Nh4 Nxc4 15. Nxc4 b5 16. Qh5+ Kd8 17. Ne3 Be7 18. Ng6 Re8 19. Nxe7 Rxe7 20. Rf7 Rxf7 21. Qxf7 Bb7 22. Qxg7 Kc7 23. Rf1 Rd8 24. Qe7 Rg8 25. Rf2 Qe4 26. Rf7 Rxg2+ 27. Kf1 Qd3+ 28. Ke1 Qe2# 0-1

[Event "Knighthood Blitz"]
[Site "Vishy Anand Arena"]
[Date "2020.08.01"]
[Round "2"]
[White "Chessworld1"]
[Black "Ishwar Lal Patel"]
[Result "1-0"]
[WhiteElo "2554"]
[BlackElo "1614"]
[Annotator "TA"]
[PlyCount "73"]
[EventDate "2020.08.01"]
[EventType "swiss (blitz)"]

1. Nf3 Nf6 2. b3 g6 3. Bb2 Bg7 4. e3 c6 5. Be2 d5 6. O-O O-O 7. c4 e6 8. d4 Re8 9. Nc3 Nbd7 10. Qc2 Nf8 11. Rad1 Qe7 12. e4 dxe4 13. Nxe4 Nxe4 14. Qxe4 Bd7 15. Ne5 f5 16. Qe3 Rad8 17. c5 Bc8 18. Bc4 Nd7 19. Nxd7 Bxd7 20. Rfe1 Kh8 21. Qg3 Qf7 22. Bc1 Bf6 23. Bf4 Bc8 24. Be5 Kg7 25. h4 h5 26. Rd3 Bxe5 27. Qxe5+ Qf6 28. Qf4 Re7 29. Re5 Rde8 30. Rde3 Bd7 31. b4 a6 32. a4 Kh7 33. Kh2 Kg7 34. Rg3 Kh7 35. Rg5 Kg7 36. Be2 Kf7 37. Qg3 1-0

[Event "Knighthood Blitz"]
[Site "Vishy Anand Arena"]
[Date "2020.08.01"]
[Round "2"]
[White "Rasulov Vugar"]
[Black "Anandfan"]
[Result "1-0"]
[WhiteElo "2488"]
[BlackElo "1852"]
[Annotator "TA"]
[PlyCount "95"]
[EventDate "2020.08.01"]
[EventType "swiss (blitz)"]

1. e4 e5 2. Nf3 Nf6 3. Nxe5 d6 4. Nc4 Nxe4 5. Qe2 Qe7 6. Ne3 c6 7. b3 d5 8. Bb2 f6 9. g3 Be6 10. Bg2 Nd7 11. c4 Nb6 12. cxd5 cxd5 13. O-O O-O-O 14. a4 Kb8 15. a5 Nc8 16. a6 b6 17. Rc1 Nc5 18. Ba3 Qd7 19. Bxc5 Bxc5 20. Nc3 d4 21. Qf3 dxc3 22. Rxc3 Bd5 23. Nxd5 Qxd5 24. Qxd5 Rxd5 25. Bxd5 Bd4 26. Re1 Bxc3 27. dxc3 Rd8 28. c4 Kc7 29. Kg2 Nd6 30. Kf3 Re8 31. Rd1 Re5 32. h4 g6 33. Bg8 h6 34. Rd5 g5 35. Rxe5 fxe5 36. hxg5 hxg5 37. Bd5 b5 38. Kg4 bxc4 39. bxc4 Kb6 40. Kxg5 Kxa6 41. Kf6 Kb6 42. g4 Kc5 43. Be6 e4 44. g5 a5 45. Bd7 Kxc4 46. g6 Kc5 47. g7 e3 48. fxe3 1-0

[Event "Knighthood Blitz"]
[Site "Vishy Anand Arena"]
[Date "2020.08.01"]
[Round "2"]
[White "Indian-Lion"]
[Black "NIKiler"]
[Result "0-1"]
[WhiteElo "2463"]
[BlackElo "1620"]
[Annotator "TA"]
[PlyCount "150"]
[EventDate "2020.08.01"]
[EventType "swiss (blitz)"]

1. Nf3 d5 2. c4 c6 3. e3 Nf6 4. Nc3 g6 5. d4 Bg7 6. Be2 O-O 7. O-O dxc4 8. Bxc4 Bg4 9. h3 Bxf3 10. Qxf3 Nbd7 11. Rd1 e5 12. d5 e4 13. Nxe4 Ne5 14. Nxf6+ Bxf6 15. Qe2 Nxc4 16. Qxc4 cxd5 17. Rxd5 Qb6 18. Qb3 Rfd8 19. e4 Rxd5 20. exd5 Rd8 21. Be3 Qxb3 22. axb3 a6 23. Rd1 Bxb2 24. f4 Ba3 25. Kf2 Bd6 26. g4 f6 27. Kf3 Kf7 28. Rc1 f5 29. gxf5 gxf5 30. Bd4 Re8 31. Rc4 Re1 32. Rc8 Rf1+ 33. Bf2 Rb1 34. Rc3 Rd1 35. Be3 Rxd5 36. Ke2 Rb5 37. Rd3 Ke6 38. Kf3 Rb4 39. Bd2 Rb5 40. Be3 Rd5 41. Rc3 a5 42. Ke2 Rb5 43. Rd3 Rb4 44. Kf3 h5 45. Bd2 Rb5 46. Be3 b6 47. Rc3 Bc5 48. Bd2 Bb4 49. Re3+ Kf6 50. Bc1 Bc5 51. Rd3 Rb4 52. Bd2 Re4 53. Bc3+ Ke6 54. Be5 a4 55. bxa4 Rxa4 56. Rd8 Ra3+ 57. Ke2 Rxh3 58. Re8+ Kd5 59. Bf6 Bd6 60. Rd8 Ke6 61. Bg5 b5 62. Re8+ Kd5 63. Rd8 Ke6 64. Re8+ Kd7 65. Rh8 b4 66. Rh7+ Kc6 67. Rh6 Kd5 68. Rf6 b3 69. Rxf5+ Ke4 70. Rb5 Rh2+ 71. Kf1 b2 72. f5 Rh1+ 73. Kg2 b1=Q 74. Rxb1 Rxb1 75. f6 Rb7 0-1

[Event "Knighthood Blitz"]
[Site "Vishy Anand Arena"]
[Date "2020.08.01"]
[Round "2"]
[White "Alanp"]
[Black "lnram"]
[Result "1-0"]
[WhiteElo "2451"]
[BlackElo "2406"]
[Annotator "TA"]
[PlyCount "85"]
[EventDate "2020.08.01"]
[EventType "swiss (blitz)"]

1. e4 c5 2. Nf3 e6 3. d4 cxd4 4. Nxd4 a6 5. c4 Qc7 6. Nc3 Nf6 7. Be2 d6 8. O-O Be7 9. f4 O-O 10. Be3 b6 11. Rc1 Bb7 12. Qd3 Nbd7 13. b4 Rac8 14. g4 g6 15. g5 Ne8 16. h4 Ng7 17. h5 e5 18. Nd5 Qd8 19. h6 Ne6 20. Nxe6 fxe6 21. Nxe7+ Qxe7 22. Rcd1 exf4 23. Bxf4 Rxf4 24. Rxf4 Qxg5+ 25. Rg4 Qxh6 26. Qxd6 Qe3+ 27. Kf1 Rf8+ 28. Ke1 Qf2+ 29. Kd2 Nf6 30. Rf1 Qxf1 31. Bxf1 Nxg4 32. Qxe6+ Kg7 33. Be2 Nf6 34. e5 Ne4+ 35. Ke3 Rf7 36. Qxb6 Ng3 37. e6 Nf5+ 38. Kd2 Re7 39. c5 Bc8 40. Bc4 Nd4 41. Qd6 Nf5 42. Qe5+ Kf8 43. Qh8# 1-0

[Event "Knighthood Blitz"]
[Site "Vishy Anand Arena"]
[Date "2020.08.01"]
[Round "2"]
[White "J2d"]
[Black "IndianKing97"]
[Result "1-0"]
[WhiteElo "2451"]
[BlackElo "2457"]
[Annotator "NA"]
[PlyCount "123"]
[EventDate "2020.08.01"]
[EventType "swiss (blitz)"]

1. Nf3 d5 2. g3 Nf6 3. Bg2 Bf5 4. O-O e6 5. d3 h6 6. Nbd2 c6 7. Qe1 Be7 8. e4 Bh7 9. e5 Nfd7 10. Qe2 c5 11. Re1 Nc6 12. Nf1 Qc7 13. c3 O-O 14. h4 b5 15. N1h2 b4 16. c4 dxc4 17. dxc4 Rad8 18. Bf4 Nd4 19. Nxd4 cxd4 20. b3 Nc5 21. Rad1 a5 22. Ng4 Kh8 23. Qd2 Nd3 24. Bxh6 gxh6 25. Qxh6 Nc5 26. Nf6 Bxf6 27. Qxf6+ Kg8 28. h5 Nd7 29. Qg5+ Kh8 30. Rxd4 Rg8 31. Qf4 f5 32. exf6 e5 33. Qh6 Qb6 34. Be4 Nxf6 35. Bxh7 Rxg3+ 36. Kf1 Rxd4 37. fxg3 Qd6 38. Be4+ Kg8 39. Bd5+ Rxd5 40. cxd5 e4 41. Qg6+ Kf8 42. Rxe4 Nxe4 43. Qxe4 Qc5 44. Qf4+ Ke7 45. Qe5+ Kf8 46. Qf6+ Ke8 47. d6 Qc1+ 48. Kg2 Qc2+ 49. Kh3 Qe4 50. Qe7+ Qxe7 51. dxe7 Kxe7 52. Kg4 Kf6 53. Kf4 a4 54. g4 axb3 55. axb3 Kg7 56. g5 Kf7 57. Kf5 Kg7 58. g6 Kh6 59. Kf6 Kxh5 60. g7 Kg4 61. g8=Q+ Kf4 62. Qc4+ 1-0

[Event "Knighthood Blitz"]
[Site "Vishy Anand Arena"]
[Date "2020.08.01"]
[Round "2"]
[White "LAXMAN"]
[Black "samjrao"]
[Result "1-0"]
[WhiteElo "2444"]
[BlackElo "1806"]
[Annotator "TA"]
[PlyCount "95"]
[EventDate "2020.08.01"]
[EventType "swiss (blitz)"]

1. d4 d5 2. Nf3 c6 3. c4 e6 4. e3 Nf6 5. b3 Be7 6. Bd3 O-O 7. O-O Nbd7 8. Bb2 b6 9. Nc3 Bb7 10. e4 dxe4 11. Nxe4 c5 12. Re1 Nxe4 13. Bxe4 Bxe4 14. Rxe4 Nf6 15. Re2 cxd4 16. Nxd4 Qc8 17. Nf5 exf5 18. Rxe7 Ne4 19. Qd4 Nf6 20. Rae1 Qc5 21. Qxc5 bxc5 22. Bxf6 gxf6 23. g3 Rfd8 24. Rc7 Rac8 25. Rxa7 Rd2 26. Ree7 Rf8 27. Rec7 Rb2 28. Rxc5 Re8 29. Rxf5 Re1+ 30. Kg2 Ree2 31. Rxf6 Rxa2 32. Rxa2 Rxa2 33. c5 Rb2 34. Rb6 Rc2 35. c6 Rc3 36. b4 Kg7 37. b5 f6 38. Rb7+ Kg6 39. c7 f5 40. Rb6+ Kg7 41. Rc6 Rb3 42. c8=Q f4 43. Rc7+ Kh6 44. Qf8+ Kg6 45. Qf7+ Kh6 46. Qf6+ Kh5 47. Rxh7+ Kg4 48. Rh4# 1-0

[Event "Knighthood Blitz"]
[Site "Vishy Anand Arena"]
[Date "2020.08.01"]
[Round "2"]
[White "Devil1234"]
[Black "Zanta"]
[Result "1-0"]
[WhiteElo "2439"]
[BlackElo "1991"]
[Annotator "NA"]
[PlyCount "95"]
[EventDate "2020.08.01"]
[EventType "swiss (blitz)"]

1. d4 Nf6 2. Bf4 c5 3. e3 b6 4. Nf3 e6 5. Nbd2 Bb7 6. Nc4 cxd4 7. exd4 d6 8. Bd3 Be7 9. O-O O-O 10. h3 Qc7 11. c3 Nbd7 12. a4 Be4 13. Bh2 Rac8 14. Ne3 Bxd3 15. Qxd3 Qc6 16. a5 b5 17. a6 Nd5 18. Nd2 N7f6 19. Ra5 Rb8 20. Rfa1 Rb6 21. Nxd5 Nxd5 22. Ne4 Rc8 23. Bg3 h6 24. Rc1 Qc4 25. Qd1 b4 26. b3 Qc6 27. c4 Ne3 28. Qf3 Nf5 29. d5 exd5 30. Rxd5 Nxg3 31. fxg3 Qxd5 32. Nf6+ Bxf6 33. Qxd5 Rxa6 34. Qb7 Rac6 35. Qxb4 Bd4+ 36. Kh2 d5 37. Qd2 Bb6 38. Qxd5 Rc5 39. Qd3 a5 40. Rf1 R5c6 41. Qd5 R6c7 42. Qb5 Rc6 43. Qf5 R8c7 44. Re1 Rg6 45. Re8+ Kh7 46. h4 Rc5 47. Qxf7 Bc7 48. Qg8# 1-0

[Event "Knighthood Blitz"]
[Site "Vishy Anand Arena"]
[Date "2020.08.01"]
[Round "2"]
[White "Diptayan"]
[Black "Vishveshk"]
[Result "1-0"]
[WhiteElo "2437"]
[BlackElo "1876"]
[PlyCount "139"]
[EventDate "2020.08.01"]
[EventType "swiss (blitz)"]

1. d4 e6 2. c4 Nf6 3. g3 d5 4. Bg2 Be7 5. Nf3 O-O 6. O-O c6 7. Qc2 Nbd7 8. b3 Re8 9. Rd1 Nf8 10. Nc3 Qa5 11. Bd2 Qa6 12. Qd3 Ng6 13. e4 dxe4 14. Nxe4 Nxe4 15. Qxe4 Bf6 16. Ne5 Rd8 17. Bc3 Qa3 18. h4 Bd7 19. Ng4 Be7 20. Qe2 Bb4 21. Bb2 Qa5 22. a3 Bf8 23. b4 Qa6 24. h5 Ne7 25. h6 Nf5 26. hxg7 Bxg7 27. d5 cxd5 28. Bxg7 Nxg7 29. Nf6+ Kh8 30. Qe5 Qxc4 31. Bf1 Qc8 32. Rac1 Qb8 33. Qb2 Qd6 34. Re1 Bc6 35. b5 Be8 36. Bd3 e5 37. Qxe5 Qxe5 38. Rxe5 Ne6 39. Nxh7 Kg7 40. Ng5 Kf6 41. f4 Nxg5 42. Rxg5 Bd7 43. Rxd5 Be6 44. Rxd8 Rxd8 45. Rc3 Bf5 46. Bxf5 Kxf5 47. Kf2 Kg4 48. Rc7 Rd2+ 49. Ke3 Ra2 50. Rxf7 Kxg3 51. Rg7+ Kh4 52. Rxb7 Rxa3+ 53. Ke4 Rb3 54. Kf5 Rb4 55. Ke5 Kg3 56. f5 Kf3 57. f6 Rb3 58. f7 Re3+ 59. Kf6 Ke2 60. f8=Q Rf3+ 61. Ke7 Re3+ 62. Kd8 Rd3+ 63. Rd7 Kd2 64. Rxd3+ Kxd3 65. Qc5 Kd2 66. Qxa7 Kd1 67. Qc7 Ke1 68. b6 Kf2 69. b7 Kg1 70. b8=Q 1-0